[Event "35th European Club Cup 2019"]
[Site "Ulcinj"]
[Date "2019.11.15"]
[Round "6.19"]
[White "Bauer, Christian"]
[Black "Pruijssers, Roeland"]
[Result "1-0"]
[WhiteElo "2624"]
[BlackElo "2557"]
[Annotator "ChessBase"]
[PlyCount "51"]
[EventDate "2019.11.10"]
[EventType "team-tourn"]
[EventCountry "MNE"]
[SourceTitle "playchess.com"]
[Source "ChessBase"]
[SourceQuality "1"]
[WhiteTeam "Zurich SG"]
[BlackTeam "Echiquier Mosan"]
[TimeControl "40/5400+30:1800+30"]

1. d4 f5 2. c4 Nf6 3. Nc3 d6 4. Nf3 g6 5. Bf4 Bg7 6. e3 {[%emt 0:00:59]} e6 {[%emt 0:02:59]} 7. h3 {[%emt 0:08:08]} Qe7 {[%emt 0:02:46]} 8. Be2 {[%emt 0:06:34]} Nc6 {[%emt 0:05:34]} 9. Bh2 {[%emt 0:02:10]} Nd8 {[%emt 0:02:04]} 10. Rc1 {[%emt 0:05:02]} Nf7 {[%emt 0:00:37]} 11. c5 {[%emt 0:00:33]} O-O {[%emt 0:01:54]} 12. O-O {[%emt 0:11:10]} e5 {[%emt 0:23:01]} 13. Qb3 {[%emt 0:05:00]} Be6 {[%emt 0:13:32]} 14. Qxb7 {[%emt 0:07:37]} Rab8 {[%emt 0:02:52]} 15. cxd6 {[%emt 0:09:42]} Nxd6 {[%emt 0:00:15]} 16. Qxa7 {[%emt 0:03:20]} Ra8 {[%emt 0:05:31]} 17. Qc5 {[%emt 0:02:19]} Nd7 {[%emt 0:00:20]} 18. Qc6 {[%emt 0:06:02]} Ra5 {[%emt 0:05:22]} 19. Qxc7 {[%emt 0:04:17]} Rfa8 {[%emt 0:00:20]} 20. Nxe5 {[%emt 0:01:18]} Bxe5 {[%emt 0:03:20]} 21. Bxe5 {[%emt 0:05:55]} Ne8 {[%emt 0:01:25]} 22. Qc6 {[%emt 0:00:53]} Nxe5 {[%emt 0:00:33]} 23. dxe5 {[%emt 0:00:05]} Rc8 {[%emt 0:00:07]} 24. Qb6 {[%emt 0:02:48]} Rxe5 {[%emt 0:00:09]} 25. Bf3 {[%emt 0:02:37]} Nd6 {[%emt 0:00:48]} 26. Qd4 {[%emt 0:01:06]} 1-0

[Event "35th European Club Cup 2019"]
[Site "Ulcinj"]
[Date "2019.11.15"]
[Round "6.19"]
[White "Petenyi, Tamas"]
[Black "Antoniewski, Rafal"]
[Result "1/2-1/2"]
[WhiteElo "2420"]
[BlackElo "2484"]
[Annotator "ChessBase"]
[PlyCount "44"]
[EventDate "2019.11.10"]
[EventType "team-tourn"]
[EventCountry "MNE"]
[SourceTitle "playchess.com"]
[Source "ChessBase"]
[SourceQuality "1"]
[WhiteTeam "Dunajska Streda"]
[BlackTeam "Inbest Dunajov"]
[TimeControl "40/5400+30:1800+30"]

1. e4 {[%emt 0:00:10]} Nc6 {[%emt 0:00:04]} 2. Nf3 {[%emt 0:00:11]} d6 {[%emt 0:00:08]} 3. d4 {[%emt 0:00:43]} Nf6 {[%emt 0:00:06]} 4. Nc3 {[%emt 0:00:33]} g6 {[%emt 0:00:08]} 5. Bb5 {[%emt 0:04:22]} a6 {[%emt 0:01:34]} 6. Bxc6+ {[%emt 0:00:33]} bxc6 {[%emt 0:00:08]} 7. h3 {[%emt 0:03:31]} Bg7 {[%emt 0:00:50]} 8. Be3 {[%emt 0:01:14]} Rb8 {[%emt 0:01:50]} 9. Qc1 {[%emt 0:06:44]} h6 {[%emt 0:19:24]} 10. O-O {[%emt 0:02:07]} Be6 {[%emt 0:01:27]} 11. Re1 {[%emt 0:10:40]} Qc8 {[%emt 0:00:22]} 12. Qd2 {[%emt 0:15:09]} Rxb2 {[%emt 0:23:37]} 13. d5 {[%emt 0:12:46]} Bxh3 {[%emt 0:00:13]} 14. gxh3 {[%emt 0:02:04]} Qxh3 {[%emt 0:00:06]} 15. Nh2 {[%emt 0:03:01]} Ng4 {[%emt 0:03:49]} 16. Nxg4 {[%emt 0:05:08]} Qxg4+ {[%emt 0:00:06]} 17. Kf1 {[%emt 0:00:07]} O-O {[%emt 0:00:25]} 18. dxc6 {[%emt 0:04:27]} f5 {[%emt 0:00:43]} 19. Nd5 {[%emt 0:07:41]} Qh3+ {[%emt 0:18:24]} 20. Kg1 {[%emt 0:02:09]} Qg4+ {[%emt 0:13:17]} 21. Kf1 {[%emt 0:00:04]} Qh3+ {[%emt 0:04:51]} 22. Kg1 {[%emt 0:00:01]} Qg4+ {[%emt 0:00:33]} 1/2-1/2

[Event "35th European Club Cup 2019"]
[Site "Ulcinj"]
[Date "2019.11.15"]
[Round "6.20"]
[White "Vidit, Santosh Gujrathi"]
[Black "Asadli, Vugar"]
[Result "1-0"]
[WhiteElo "2722"]
[BlackElo "2513"]
[Annotator "TA"]
[PlyCount "63"]
[EventDate "2019.11.10"]
[EventType "team-tourn"]
[EventCountry "MNE"]
[SourceTitle "playchess.com"]
[Source "ChessBase"]
[SourceQuality "1"]
[WhiteTeam "Novy Bor"]
[BlackTeam "Vugar Gashimov"]

{[%evp 14,63,8,17,53,18,31,32,27,31,41,43,38,44,49,51,72,81,83,44,52,58,90,82,94,76,73,87,93,99,79,108,94,91,160,180,247,281,354,342,413,359,354,360,345,340,534,481,471,463,713,691]} 1. d4 Nf6 2. c4 g6 3. g3 Bg7 4. Bg2 O-O 5. Nc3 Nc6 6. e3 d6 7. Nge2 e5 8. d5 Nb8 {E61: King's Indian: Early deviations for White, including Smyslov System} 9. Rb1 $146 ({Predecessor:} 9. O-O a5 10. e4 Na6 11. h3 Nh5 12. g4 Nf6 13. Ng3 Nd7 14. Be3 Ndc5 15. Qd2 Nb4 16. Rfd1 {0-1 (50) Tregubov,P (2588)-Artemiev,V (2706) Douglas 2018}) 9... Nh5 10. e4 f5 {White is slightly better.} 11. exf5 gxf5 12. f4 Nd7 13. O-O e4 14. Nd4 Nb6 15. b3 $36 {[%mdl 2048] White is on the roll.} Bd7 16. Be3 Nf6 17. Bh3 Qc8 18. a4 {aiming for a5.} a5 19. Rc1 c5 20. dxc6 bxc6 21. Nxf5 Bxf5 22. Bxf5 Qxf5 23. Bxb6 Qh3 (23... Rab8 $142 24. Bd4 Rfe8) 24. Rc2 (24. Qxd6 $6 Rab8 $14) 24... c5 (24... Rae8 {was called for.} 25. Qxd6 Ng4) 25. Nb5 $18 ({Don't play} 25. Qxd6 $6 Ng4) 25... Ra6 26. Qxd6 Kh8 27. Qc7 Qe6 28. Bxc5 Rc8 {[#]} 29. Qe5 $1 ({Less strong is} 29. Qe7 Bf8 $18) 29... Qh3 (29... Qxe5 {keeps fighting.} 30. fxe5 Rxc5) 30. Bd4 {White is clearly winning.} Re6 31. Qg5 e3 (31... h6 $142 32. Qg6 Nh5 33. Bxg7+ Nxg7) 32. f5 {Accuracy: White = 84%, Black = 41%.} 1-0

[Event "35th European Club Cup 2019"]
[Site "Ulcinj"]
[Date "2019.11.15"]
[Round "6.20"]
[White "Burg, Twan"]
[Black "Pelletier, Yannick"]
[Result "1/2-1/2"]
[WhiteElo "2536"]
[BlackElo "2561"]
[Annotator "ChessBase"]
[PlyCount "130"]
[EventDate "2019.11.10"]
[EventType "team-tourn"]
[EventCountry "MNE"]
[SourceTitle "playchess.com"]
[Source "ChessBase"]
[SourceQuality "1"]
[WhiteTeam "Echiquier Mosan"]
[BlackTeam "Zurich SG"]
[TimeControl "40/5400+30:1800+30"]

1. d4 {[%emt 0:00:00]} Nf6 {[%emt 0:03:26]} 2. c4 {[%emt 0:00:00]} e6 {[%emt 0:00:05]} 3. Nc3 {[%emt 0:00:00]} Bb4 {[%emt 0:00:24]} 4. Qc2 {[%emt 0:00:00]} c5 {[%emt 0:06:10]} 5. dxc5 {[%emt 0:00:10]} Na6 {[%emt 0:04:17]} 6. g3 {[%emt 0:06:20]} Nxc5 {[%emt 0:19:42]} 7. Bg2 {[%emt 0:00:08]} O-O {[%emt 0:00:28]} 8. Nf3 {[%emt 0:00:15]} b6 {[%emt 0:02:52]} 9. O-O {[%emt 0:00:34]} Bb7 {[%emt 0:00:15]} 10. Nb5 {[%emt 0:01:04]} Be4 {[%emt 0:00:17]} 11. Qd1 {[%emt 0:00:32]} Nb7 {[%emt 0:00:25]} 12. Bf4 {[%emt 0:08:48]} a6 {[%emt 0:20:07]} 13. Nd6 {[%emt 0:01:40]} Bxd6 {[%emt 0:00:27]} 14. Bxd6 {[%emt 0:00:08]} Nxd6 {[%emt 0:00:10]} 15. Qxd6 {[%emt 0:00:07]} Qb8 {[%emt 0:03:27]} 16. Rfd1 {[%emt 0:05:49]} Qb7 {[%emt 0:00:38]} 17. Bf1 {[%emt 0:03:11]} Bxf3 {[%emt 0:03:55]} 18. exf3 {[%emt 0:00:09]} Rac8 {[%emt 0:00:16]} 19. f4 {[%emt 0:02:27]} a5 {[%emt 0:00:13]} 20. b3 {[%emt 0:07:27]} h6 {[%emt 0:06:19]} 21. h3 {[%emt 0:03:58]} Rc6 {[%emt 0:02:07]} 22. Bg2 {[%emt 0:03:41]} Rxd6 {[%emt 0:00:06]} 23. Bxb7 {[%emt 0:00:03]} Rxd1+ {[%emt 0:00:05]} 24. Rxd1 {[%emt 0:00:04]} Rb8 {[%emt 0:00:08]} 25. Bf3 {[%emt 0:00:16]} Kf8 {[%emt 0:01:31]} 26. g4 {[%emt 0:00:45]} g5 {[%emt 0:04:42]} 27. fxg5 {[%emt 0:03:10]} hxg5 {[%emt 0:00:02]} 28. Kg2 {[%emt 0:00:21]} Ke7 {[%emt 0:00:45]} 29. Kg3 {[%emt 0:00:23]} b5 {[%emt 0:06:20]} 30. Rc1 {[%emt 0:09:14]} bxc4 {[%emt 0:02:41]} 31. Rxc4 {[%emt 0:00:26]} Rb4 {[%emt 0:00:14]} 32. Rc5 {[%emt 0:04:04]} a4 {[%emt 0:00:44]} 33. bxa4 {[%emt 0:00:07]} d5 {[%emt 0:03:32]} 34. Rc7+ {[%emt 0:02:12]} Kf8 {[%emt 0:00:02]} 35. a5 {[%emt 0:03:06]} Ra4 {[%emt 0:00:16]} 36. h4 {[%emt 0:08:45]} gxh4+ {[%emt 0:02:22]} 37. Kxh4 {[%emt 0:00:05]} Rxa5 {[%emt 0:03:38]} 38. g5 {[%emt 0:00:32]} Ne8 {[%emt 0:01:33]} 39. Rc2 {[%emt 0:01:19]} Ra4+ {[%emt 0:01:12]} 40. Kh3 {[%emt 0:00:00]} Nd6 {[%emt 0:00:00]} 41. Bh5 {[%emt 0:08:16]} Ne4 {[%emt 0:14:45]} 42. f4 {[%emt 0:00:55]} Ra3+ {[%emt 0:03:23]} 43. Kh4 {[%emt 0:03:11]} Rc3 {[%emt 0:03:07]} 44. Rb2 {[%emt 0:01:04]} Rc1 {[%emt 0:01:52]} 45. Rb8+ {[%emt 0:13:33]} Kg7 {[%emt 0:00:11]} 46. Rb7 {[%emt 0:00:05]} Rh1+ {[%emt 0:00:16]} 47. Kg4 {[%emt 0:00:05]} Nf2+ {[%emt 0:01:27]} 48. Kf3 {[%emt 0:00:16]} Rxh5 {[%emt 0:00:03]} 49. Kxf2 {[%emt 0:00:03]} Rh2+ {[%emt 0:03:24]} 50. Kg3 {[%emt 0:04:46]} Rxa2 {[%emt 0:00:06]} 51. f5 {[%emt 0:00:37]} exf5 {[%emt 0:00:45]} 52. Rd7 {[%emt 0:00:07]} Kg6 {[%emt 0:08:59]} 53. Rxd5 {[%emt 0:00:14]} Kxg5 {[%emt 0:00:06]} 54. Rd4 {[%emt 0:00:16]} Ra3+ {[%emt 0:00:09]} 55. Kf2 {[%emt 0:00:07]} f4 {[%emt 0:00:16]} 56. Rd8 {[%emt 0:01:10]} Ra2+ {[%emt 0:00:07]} 57. Kf3 {[%emt 0:00:07]} Ra3+ {[%emt 0:00:03]} 58. Kf2 {[%emt 0:00:04]} Kf5 {[%emt 0:00:11]} 59. Rf8 {[%emt 0:00:36]} Ra2+ {[%emt 0:00:05]} 60. Kf3 {[%emt 0:00:01]} Ra3+ {[%emt 0:00:12]} 61. Kf2 {[%emt 0:00:10]} f6 {[%emt 0:00:11]} 62. Rf7 {[%emt 0:04:14]} Ra2+ {[%emt 0:00:05]} 63. Kf3 {[%emt 0:00:07]} Ra3+ {[%emt 0:00:04]} 64. Kf2 {[%emt 0:00:03]} Rd3 {[%emt 0:01:07]} 65. Rf8 {[%emt 0:00:31]} Rd2+ 1/2-1/2

[Event "35th European Club Cup 2019"]
[Site "Ulcinj"]
[Date "2019.11.15"]
[Round "6.20"]
[White "Jurcik, Martin"]
[Black "Bagi, Mate"]
[Result "1/2-1/2"]
[WhiteElo "2358"]
[BlackElo "2470"]
[Annotator "ChessBase"]
[PlyCount "63"]
[EventDate "2019.11.10"]
[EventType "team-tourn"]
[EventCountry "MNE"]
[SourceTitle "playchess.com"]
[Source "ChessBase"]
[SourceQuality "1"]
[WhiteTeam "Inbest Dunajov"]
[BlackTeam "Dunajska Streda"]
[TimeControl "40/5400+30:1800+30"]

1. Nf3 {[%emt 0:00:00]} Nf6 {[%emt 0:00:00]} 2. c4 {[%emt 0:00:11]} c5 {[%emt 0:00:11]} 3. d4 {[%emt 0:01:09]} g6 {[%emt 0:07:45]} 4. Nc3 {[%emt 0:04:20]} cxd4 {[%emt 0:05:54]} 5. Nxd4 {[%emt 0:00:20]} Bg7 {[%emt 0:00:48]} 6. e4 {[%emt 0:01:32]} d6 {[%emt 0:01:59]} 7. Be2 {[%emt 0:00:59]} Nc6 {[%emt 0:00:47]} 8. Be3 {[%emt 0:02:16]} O-O {[%emt 0:00:36]} 9. Qd2 {[%emt 0:02:50]} Bd7 {[%emt 0:01:34]} 10. f3 {[%emt 0:06:21]} a5 {[%emt 0:05:37]} 11. O-O {[%emt 0:07:35]} Nxd4 {[%emt 0:02:55]} 12. Bxd4 {[%emt 0:00:29]} Bc6 {[%emt 0:02:46]} 13. Rfc1 {[%emt 0:03:24]} Nd7 {[%emt 0:01:56]} 14. Be3 {[%emt 0:00:22]} Nc5 {[%emt 0:02:47]} 15. b3 {[%emt 0:05:29]} e6 {[%emt 0:03:38]} 16. Rab1 {[%emt 0:23:28]} Be5 {[%emt 0:02:45]} 17. Bg5 {[%emt 0:01:49]} f6 {[%emt 0:15:46]} 18. Be3 {[%emt 0:00:42]} f5 {[%emt 0:01:05]} 19. exf5 {[%emt 0:00:39]} Rxf5 {[%emt 0:01:29]} 20. f4 {[%emt 0:01:12]} Bg7 {[%emt 0:04:07]} 21. Bg4 {[%emt 0:00:23]} Rf8 {[%emt 0:03:58]} 22. Bxc5 {[%emt 0:14:38]} dxc5 {[%emt 0:00:13]} 23. Bxe6+ {[%emt 0:00:09]} Kh8 {[%emt 0:00:09]} 24. Qxd8 {[%emt 0:00:09]} Rc8 25. Qxf8+ Rxf8 {[%emt 0:00:55]} 26. Nd5 {[%emt 0:00:34]} Bd4+ {[%emt 0:08:27]} 27. Kh1 {[%emt 0:00:02]} b5 {[%emt 0:01:14]} 28. Rf1 {[%emt 0:03:54]} b4 {[%emt 0:02:19]} 29. Rbe1 {[%emt 0:01:27]} a4 {[%emt 0:01:44]} 30. Ne7 {[%emt 0:05:53]} Be8 {[%emt 0:00:49]} 31. bxa4 {[%emt 0:01:13]} Bxa4 {[%emt 0:01:46]} 32. Bd5 {[%emt 0:00:42]} 1/2-1/2

[Event "35th European Club Cup 2019"]
[Site "Ulcinj"]
[Date "2019.11.15"]
[Round "6.21"]
[White "Sadikhov, Ulvi"]
[Black "Navara, David"]
[Result "0-1"]
[WhiteElo "2502"]
[BlackElo "2703"]
[Annotator "TA"]
[PlyCount "119"]
[EventDate "2019.11.10"]
[EventType "team-tourn"]
[EventCountry "MNE"]
[SourceTitle "playchess.com"]
[Source "ChessBase"]
[SourceQuality "1"]
[WhiteTeam "Vugar Gashimov"]
[BlackTeam "Novy Bor"]

{[%evp 12,119,43,37,37,34,53,47,52,41,74,13,16,8,17,-6,0,-140,-86,-100,-78,-93,-83,-90,-73,-95,-94,-123,-71,-61,-68,-70,-50,-79,-59,-58,-62,-63,-67,-95,-95,-122,-116,-119,-127,-133,-125,-115,-119,-156,-142,-141,-148,-159,-165,-161,-161,-187,-108,-105,-94,-100,-31,-83,-19,-18,-19,-26,-20,-204,-80,-104,-79,-93,-102,-132,-133,-141,-88,-96,-100,-12850,-12848,-29939,-12848,-29944,-29946,-29948,-29948,-29947,-29949,-12814,-5597,-29948,-12807,-29962,-29964,-29971,-29972,-29972,-29973,-29973,-29974,-29974,-29975,-29975,-29976,-29975,-29976,-29973]} 1. e4 c5 2. Nf3 e6 3. d4 cxd4 4. Nxd4 Nf6 5. Nc3 Nc6 6. Ndb5 Bc5 7. Bf4 O-O {B45: Sicilian Four Knights} 8. Bc7 Qe7 9. Bd6 $1 {[%cal Rd6e7]} Bxd6 {White is slightly better.} 10. Qxd6 Qd8 11. Qc7 ({White should play} 11. Nc7 $1 $16 {[%cal Rc7a8]} Rb8 12. Rd1) (11. O-O-O a6 12. Nd4 Ne7 13. h4 b5 14. h5 Ne8 15. Qb4 Bb7 {½-½ (65) Sarana,A (2655)-Dreev,A (2662) Izhevsk 2019}) 11... d5 $11 12. exd5 exd5 {aiming for ...a6.} 13. O-O-O d4 {Hoping for ...a6.} 14. Na4 $146 (14. Ne2 $11) ({Predecessor:} 14. Ne2 Qd5 15. Nexd4 Qxa2 {1-0 (51) Martin Duque,J (2353)-Tilicheev,V (2482) Guimaraes 2019}) 14... Qd5 (14... a6 $142 15. Qxd8 Rxd8) 15. Kb1 $17 Bf5 16. Qd6 {and if Qxd5 works, White does fine.} Rfd8 17. Qxd5 Nxd5 18. Bd3 Bxd3 19. cxd3 a6 (19... Nf4 $142 20. Nc5 b6) 20. Na3 b6 {[%cal Bb7b6,Bb6b5][%mdl 32]} 21. Nc2 Rab8 22. Rhe1 Nf4 23. g3 Ne6 24. f4 g6 $36 {[%mdl 2048] Black has the initiative.} 25. b4 b5 26. Nc5 Nxc5 $1 27. bxc5 Rd5 28. Na1 Rxc5 29. Rc1 Rc3 30. Rxc3 dxc3 {[%mdl 4096] Endgame KRN-KRN} 31. Kc2 b4 32. Re4 a5 $1 33. Rc4 Ne7 34. Rc5 Nf5 (34... a4 $1 $19 {White must now prevent ...Nf5.} 35. Ra5 Re8) 35. Kb3 Nd4+ $1 36. Ka4 Rd8 (36... Kg7 $17 37. Nb3 Nf3) 37. Kxa5 $15 Ra8+ 38. Kxb4 Rxa2 {[%mdl 64] Double Attack} 39. Nb3 Ne2 40. Rc8+ (40. d4 $11 {keeps the balance.}) 40... Kg7 $17 41. Re8 Rb2 {And now ...c2 would win.} 42. Kc4 {[#]} Rd2 $1 {[%mdl 512] Strongly threatening ...c2.} 43. Kb4 (43. Nxd2 cxd2) 43... h5 44. d4 {[#]} c2 ({Much worse is} 44... Nxd4 $6 45. Nxd4 Rxd4+ 46. Kxc3 $11) ({Black should try} 44... h4 $1 45. gxh4 Nxd4 46. Nxd4 Rxd4+ {[%mdl 64] Double Attack} 47. Kxc3 Rxf4) 45. Rc8 Rd3 46. d5 $2 {[%mdl 8192] [#]} (46. Rxc2 $17 Rxb3+ {[%mdl 64] Remove Defender, Decoy} 47. Kxb3 Nxd4+ {[%mdl 64] Double Attack} 48. Kc3 Nxc2 49. Kxc2) 46... Rxb3+ $1 $19 {[%mdl 512]} 47. Kxb3 c1=Q 48. Rxc1 Nxc1+ {KN-KP} 49. Kc2 Ne2 50. Kd3 {[#]} Ng1 $1 51. Ke3 Nh3 52. Kf3 g5 53. d6 Kf6 {Black mates.} 54. f5 g4+ 55. Ke4 Ng5+ 56. Kf4 Nh7 57. Ke4 Nf8 58. Kf4 Nd7 59. Ke4 Kg5 60. Kd4 {Accuracy: White = 50%, Black = 82%.} 0-1

[Event "35th European Club Cup 2019"]
[Site "Ulcinj"]
[Date "2019.11.15"]
[Round "6.21"]
[White "Brunner, Lucas"]
[Black "Beerdsen, Thomas"]
[Result "1/2-1/2"]
[WhiteElo "2441"]
[BlackElo "2468"]
[Annotator "ChessBase"]
[PlyCount "60"]
[EventDate "2019.11.10"]
[EventType "team-tourn"]
[EventCountry "MNE"]
[SourceTitle "playchess.com"]
[Source "ChessBase"]
[SourceQuality "1"]
[WhiteTeam "Zurich SG"]
[BlackTeam "Echiquier Mosan"]
[TimeControl "40/5400+30:1800+30"]

1. Nf3 {[%emt 0:00:00]} c5 {[%emt 0:00:00]} 2. c4 {[%emt 0:00:00]} Nf6 {[%emt 0:00:03]} 3. Nc3 {[%emt 0:00:00]} Nc6 {[%emt 0:00:15]} 4. g3 {[%emt 0:00:05]} d5 {[%emt 0:00:13]} 5. d4 {[%emt 0:00:14]} e6 {[%emt 0:05:59]} 6. cxd5 {[%emt 0:00:30]} exd5 {[%emt 0:00:30]} 7. Bg2 cxd4 {[%emt 0:01:44]} 8. Nxd4 {[%emt 0:00:22]} Bc5 {[%emt 0:00:21]} 9. Nxc6 {[%emt 0:04:29]} bxc6 {[%emt 0:00:06]} 10. O-O {[%emt 0:01:26]} O-O {[%emt 0:01:36]} 11. Qc2 {[%emt 0:11:10]} Bd6 {[%emt 0:07:12]} 12. e4 {[%emt 0:12:16]} Rb8 {[%emt 0:12:59]} 13. exd5 {[%emt 0:09:12]} Nxd5 {[%emt 0:00:30]} 14. Nxd5 {[%emt 0:06:25]} cxd5 {[%emt 0:05:42]} 15. Rd1 {[%emt 0:00:15]} Qf6 {[%emt 0:06:18]} 16. Rxd5 {[%emt 0:01:33]} Be5 {[%emt 0:01:19]} 17. Qc5 {[%emt 0:08:07]} Bxb2 {[%emt 0:03:54]} 18. Bxb2 {[%emt 0:00:19]} Qxb2 {[%emt 0:03:05]} 19. Qd4 {[%emt 0:03:41]} Qxd4 {[%emt 0:09:25]} 20. Rxd4 {[%emt 0:01:05]} Rb5 {[%emt 0:01:32]} 21. Bd5 {[%emt 0:06:51]} Rc5 {[%emt 0:12:32]} 22. Rad1 {[%emt 0:03:16]} g6 {[%emt 0:01:56]} 23. h4 {[%emt 0:07:13]} Kg7 {[%emt 0:02:35]} 24. Bb3 {[%emt 0:09:29]} Rc7 {[%emt 0:00:24]} 25. f3 {[%emt 0:00:30]} Re8 {[%emt 0:01:20]} 26. Kf2 {[%emt 0:00:39]} Rce7 {[%emt 0:00:30]} 27. R1d2 {[%emt 0:00:20]} Be6 {[%emt 0:01:58]} 28. Re2 {[%emt 0:04:11]} Bxb3 {[%emt 0:00:21]} 29. Rxe7 {[%emt 0:00:30]} Rxe7 {[%emt 0:00:03]} 30. axb3 {[%emt 0:00:01]} Rb7 {[%emt 0:00:06]} 1/2-1/2

[Event "35th European Club Cup 2019"]
[Site "Ulcinj"]
[Date "2019.11.15"]
[Round "6.21"]
[White "Varga, Zoltan"]
[Black "Lisko, Frantisek"]
[Result "1-0"]
[WhiteElo "2424"]
[BlackElo "2274"]
[Annotator "NA"]
[PlyCount "59"]
[EventDate "2019.11.10"]
[EventType "team-tourn"]
[EventCountry "MNE"]
[SourceTitle "playchess.com"]
[Source "ChessBase"]
[SourceQuality "1"]
[WhiteTeam "Dunajska Streda"]
[BlackTeam "Inbest Dunajov"]
[TimeControl "40/5400+30:1800+30"]

1. e4 {[%emt 0:00:00]} c6 {[%emt 0:00:00]} 2. c4 {[%emt 0:00:04]} e6 {[%emt 0:00:07]} 3. Nc3 {[%emt 0:00:30]} d5 4. cxd5 {[%emt 0:00:56]} exd5 {[%emt 0:00:00]} 5. exd5 {[%emt 0:00:04]} cxd5 {[%emt 0:00:12]} 6. Nf3 {[%emt 0:00:11]} Nf6 {[%emt 0:00:21]} 7. Bb5+ Nc6 {[%emt 0:00:10]} 8. O-O {[%emt 0:05:14]} Bd6 {[%emt 0:00:20]} 9. Re1+ {[%emt 0:04:58]} Be6 {[%emt 0:00:31]} 10. d4 {[%emt 0:00:19]} h6 11. Ne5 O-O {[%emt 0:18:29]} 12. Bxc6 {[%emt 0:01:25]} bxc6 {[%emt 0:00:27]} 13. Nxc6 {[%emt 0:00:39]} Qb6 {[%emt 0:07:44]} 14. Ne5 {[%emt 0:00:29]} Rac8 {[%emt 0:03:20]} 15. Qd3 {[%emt 0:04:59]} Bb4 {[%emt 0:09:43]} 16. Bd2 Ne4 {[%emt 0:01:49]} 17. Na4 {[%emt 0:17:03]} Qa5 {[%emt 0:01:10]} 18. Bxb4 {[%emt 0:00:04]} Qxb4 {[%emt 0:00:11]} 19. b3 {[%emt 0:00:01]} Rc7 {[%emt 0:03:31]} 20. f3 {[%emt 0:07:13]} Nd6 {[%emt 0:03:39]} 21. Nc5 Bf5 {[%emt 0:04:26]} 22. Qe3 {[%emt 0:01:35]} Bc8 {[%emt 0:03:12]} 23. Ned3 {[%emt 0:00:18]} Qc3 {[%emt 0:07:17]} 24. Rac1 {[%emt 0:03:15]} Qa5 {[%emt 0:00:18]} 25. Qe5 {[%emt 0:00:05]} Rd8 {[%emt 0:00:20]} 26. a4 {[%emt 0:08:29]} Ne8 {[%emt 0:08:47]} 27. Nf4 Nf6 28. b4 {[%emt 0:01:41]} Qb6 {[%emt 0:00:52]} 29. a5 {[%emt 0:08:42]} Qb8 30. Na6 1-0

[Event "35th European Club Cup 2019"]
[Site "Ulcinj"]
[Date "2019.11.15"]
[Round "6.22"]
[White "Ragger, Markus"]
[Black "Allahverdiyev, Anar"]
[Result "1/2-1/2"]
[WhiteElo "2669"]
[BlackElo "2407"]
[Annotator "TA"]
[PlyCount "114"]
[EventDate "2019.11.10"]
[EventType "team-tourn"]
[EventCountry "MNE"]
[SourceTitle "playchess.com"]
[Source "ChessBase"]
[SourceQuality "1"]
[WhiteTeam "Novy Bor"]
[BlackTeam "Vugar Gashimov"]

{[%evp 11,114,8,22,14,17,17,10,5,10,9,24,22,59,53,59,37,44,34,41,0,0,0,0,7,5,5,30,28,35,30,37,39,49,43,33,31,53,29,45,45,39,26,51,51,59,57,58,59,61,57,60,60,60,57,61,53,53,53,53,53,53,53,53,53,53,53,58,27,31,31,47,27,27,27,27,0,30,30,37,37,67,67,67,67,67,63,83,76,70,65,68,65,61,30,61,0,37,37,55,48,58,0,70,0,59]} 1. e4 e6 2. d4 d5 3. Nd2 Be7 4. Ngf3 Nf6 5. e5 Nfd7 6. Bd3 c5 7. c3 {C03: French Tarrasch: Unusual Black 3rd moves} b6 8. O-O Ba6 9. Ne1 (9. Bxa6 Nxa6 10. Qe2 Nab8 11. c4 dxc4 12. Nxc4 O-O 13. Qe4 Na6 {½-½ (45) Movsesian,S (2629)-Caruana,F (2828) chess.com INT 2019}) 9... Qc8 10. Qg4 O-O 11. Ndf3 {aiming for Bxa6.} f5 12. Qg3 Nc6 13. Bg5 (13. h4 {is interesting.} Rf7 14. Be3 Qb7 15. Rd1 b5 16. a3) 13... Bxg5 $146 ({Predecessor:} 13... Rf7 14. h4 Nf8 {1-0 (62) Dvirnyy,D (2549)-Drasko,M (2462) Porto San Giorgio 2013}) 14. Nxg5 Re8 15. Rc1 h6 16. Nh3 Bxd3 17. Qxd3 Re7 18. Nf4 Nf8 19. h4 Rc7 20. Qe3 cxd4 21. cxd4 Qd7 22. Ned3 Rac8 23. h5 Ne7 24. Ne2 Rxc1 25. Rxc1 Rxc1+ 26. Qxc1 Qc6 27. Qd2 Qc4 28. b3 Qc6 29. Ndf4 Kf7 30. Qd3 Qc8 31. Kh2 a6 32. Qd2 Qc6 33. a4 Nc8 34. Nc3 Ne7 35. Qd3 Qc8 36. Nce2 Qb7 37. Qc3 Qc6 38. Qb4 Qc7 39. g3 Qd8 40. Kg2 Qc7 41. Qd2 Nh7 42. Qd3 Qc8 43. Qd2 Qc7 44. Nd3 Ng5 45. f3 g6 46. Ndf4 gxh5 47. Nxh5 Ng6 48. Ng1 Nf8 49. Nh3 Nfh7 50. Nf2 Nf8 51. Qd3 Qc8 52. Nf6 Ng6 53. Nh5 ({White should play} 53. Qd2 $14) 53... Ne7 54. Qd2 Kg6 55. Nf4+ Kf7 56. Nh5 Kg6 $1 {[%cal Rg6h5]} 57. Nf4+ Kf7 {Accuracy: White = 58%, Black = 59%.} 1/2-1/2